[Event "EU-ch 1st"]
[Site "Saint Vincent"]
[Date "2000.07.10"]
[Round "7"]
[White "Bauer, Christian"]
[Black "Krasenkow, Michal"]
[Result "1/2-1/2"]
[WhiteElo "2562"]
[BlackElo "2702"]
[Annotator "Rogozenco,D"]
[PlyCount "72"]
[EventDate "2000.07.03"]
[EventType "swiss"]
[EventRounds "11"]
[EventCountry "ITA"]
[SourceTitle "CBM 078"]
[Source "ChessBase"]
[SourceDate "2000.10.18"]
[SourceVersion "1"]
[SourceVersionDate "2000.10.18"]
[SourceQuality "1"]

1. e4 c5 2. Nf3 Nc6 3. d4 cxd4 4. Nxd4 Nf6 5. Nc3 e5 6. Nf5 {This interesting
move was never very popular, but nevertheless there were players who kept
trying it. In the last years it gained some popularity and from the strong
players who included it in their reperoire I can name the german GM Karsten
Mueller.  Although in my opinion Black should face no opening problems after
it, it is clear that his task is more difficult than the evaluation of the
"official theory", which always refered to 6.Nf5 as to a totally harmless move.
} d5 {Certainly the most energetic answer.} (6... d6 {A possible move, but by
playing it Black is ready to play a slightly worse position and admits that 6.
Nf5 is at least not worse than 6.Ndb5.}) 7. exd5 Bxf5 8. dxc6 bxc6 (8... Qxd1+
9. Nxd1 bxc6 {is a playable alternative, although White maintains a very
slight edge in the endgame.} 10. Ne3 Be4 $5 (10... Bg6) 11. Bd2 Bc5 12. O-O-O
O-O 13. f3 Bg6 14. Ba6 $11 {/+/=.1-0 Mueller,K-Abel,E/Forchheim GER 2000(40)})
9. Qf3 Qd7 10. Bg5 Bb4 {Now White gets a very comfortable position with no
risks at all.} (10... e4 11. Qe2 Be7 (11... Qe6) (11... Bb4) 12. Bxf6 Bxf6 13.
Nxe4 O-O 14. Nxf6+ gxf6 15. Qd2 Rfe8+ 16. Kd1 Qb7 (16... Rad8 17. Qxd7 Rxd7+
18. Bd3 Bxd3 19. cxd3 Rxd3+ 20. Kc2 Rd5 21. Rae1 Rc5+ 22. Kb1 $16) (16... Qc7
17. Bd3 Rad8 18. Kc1 Qe5 $44 {/\19. ... c5}) 17. b3 {1-0 Mueller,K-McShane,L/
Lippstadt 1999(41)} (17. Kc1 $5 Rad8 18. Qc3 Qb6 19. Bc4 $1 Qxf2 20. Rf1 Qd4 (
20... Qh4 21. b3) (20... Qe3+ 21. Qxe3 Rxe3 22. b3 {Komarov}) 21. Qxd4 Rxd4 22.
b3 $16 {Camilleri,H-Komarov,D/Qawra 1998})) 11. Bxf6 gxf6 12. Bd3 $14 (12. Rd1
Qe6 (12... Bg4 $1 13. Rxd7 Bxf3 $11) 13. Rd2 O-O 14. a3 $14 {1-0 Pereira,
J-Rodrigues,N/Lisbon 1996 (33)}) 12... Bxd3 13. cxd3 (13. Qxf6 $6 O-O (13...
Bxc3+ 14. bxc3 Qf5 $2 (14... O-O) 15. Qxc6+ Ke7 16. cxd3 $18) 14. cxd3 Qxd3 15.
Qg5+ $11) 13... Bxc3+ 14. bxc3 Qe6 15. O-O O-O 16. Rfe1 (16. Rae1 $142 $1 {
This keeps the possibility of f2-f4.} Kh8 (16... Rfe8 17. Qg3+ Kh8 18. f4 $36)
17. Re4 (17. Qe4 $14 {[%cal Gf2f4]}) 17... f5 18. Rh4 Rad8 19. Qh3 Qg6 20. f4
f6 21. Rf3 $2 (21. Rh6 Rxd3 (21... Qg7 22. fxe5 fxe5 23. Rxc6 $18) 22. Qxd3
Qxh6 23. Qxf5 $16) 21... Rb8 22. Rf1 Rb2 $13 {0-1 Sax,G-Fedorowicz,J/Dubai
1986 (33)}) 16... Rfe8 $14 17. d4 e4 18. Qf4 c5 19. Rad1 cxd4 20. Rxd4 Rad8 21.
Rxd8 Rxd8 22. h3 Re8 23. Re3 (23. Rd1 $14 {/=.}) 23... Qe5 24. Qh6 f5 25. g3 $6
(25. Rg3+ Kh8 26. f4 exf3 $8 27. Rxf3 {[%csl Rf5,Rf7]} Qe1+ 28. Kh2 (28. Rf1
Qxc3 29. Rxf5 $14) 28... Qe5+ 29. Qf4 $14 {/=.}) 25... Re6 26. Qf4 $6 (26. Qg5+
Rg6 27. Qd8+ $11) 26... Qxf4 27. gxf4 Rc6 $15 28. c4 Rxc4 29. Ra3 Kg7 (29...
Rc7 30. Ra5 Kg7 31. Rxf5 Rc1+ 32. Kg2 Rc2 33. Ra5 e3 34. Rxa7 $11 (34. Kf3 $2
e2 35. Re5 Rxa2 $19)) 30. Kg2 Rc2 31. Rxa7 e3 32. Re7 Rxf2+ 33. Kg3 Rxa2 34.
Rxe3 Kg6 35. Rb3 Kh5 36. Rb6 Ra3+ 1/2-1/2

[Event "UKR-ch KO 74th"]
[Site "Rivne"]
[Date "2005.08.27"]
[Round "2.2"]
[White "Areshchenko, Alexander"]
[Black "Zinchenko, Yaroslav"]
[Result "1-0"]
[WhiteElo "2625"]
[BlackElo "2493"]
[Annotator "Rogozenco,D"]
[PlyCount "117"]
[EventDate "2005.08.24"]
[EventType "k.o."]
[EventRounds "5"]
[EventCountry "UKR"]
[SourceTitle "CBM 109"]
[Source "ChessBase"]
[SourceDate "2005.11.14"]
[SourceVersion "1"]
[SourceVersionDate "2005.11.14"]
[SourceQuality "1"]

1. e4 c5 2. Nf3 Nc6 3. d4 cxd4 4. Nxd4 Nf6 5. Nc3 e5 6. Ndb5 d6 7. Bg5 a6 8.
Na3 b5 9. Bxf6 gxf6 10. Nd5 f5 11. Bd3 Be6 12. O-O Bxd5 13. exd5 Ne7 14. c3 Bg7
15. Qh5 e4 16. Be2 O-O 17. Nc2 Rc8 {A reliable plan for Black. There are many
other options, which lead to complicated, double-edged play.} (17... f4 $13 {
/+/=}) (17... Qc8 18. Rad1 $14) (17... Re8 $13) 18. f3 (18. Rad1 Rc5 (18... Qd7
19. f3 $14) 19. Ne3 f4 20. Nf5 Re8 $11) (18. Ne3 f4 19. Nf5 Re8 $13 (19... Ng6
20. f3 (20. a4 $5) 20... e3 21. g3 (21. Rfe1 $5) 21... b4 $1 $132 {0-1
Sadvakasov,D (2523)-Eljanov,P (2571)/Kharkov 2003 (36)})) 18... b4 (18... Rc5
19. fxe4 fxe4 20. Ne3 Qb6 21. Kh1 Rxc3 $1 22. Nf5 (22. bxc3 Qxe3 $44) 22...
Nxf5 23. bxc3 Ne3 24. Rf4 $13 {/= 1-0 Areshchenko,A (2546)-Eljanov,P (2567)/
Ukraine 2004 (46)}) 19. Nxb4 a5 20. Nc6 Nxc6 21. dxc6 Qb6+ 22. Kh1 Qxb2 23.
fxe4 fxe4 $6 {Black takes the wrong pawn. Although he still keeps good chances
to make a draw, it was better to take the far advanced c-pawn and also avoid
the weakness of the kingside.} ({After} 23... Rxc6 24. exf5 {the draw was
agreed in the game Flor Trejo,R (2274)-Sakic,R (2194)/IECC email 2003. It
could continue:} ({An attempt to improve can be:} 24. Bd3 {trying to get an
open b1-h7 diagonal for the bishop. But Black holds rather easily. He has few
options at his disposal.} Qxc3 (24... Rxc3 25. Rad1 Rc5 26. Rxf5 Rxf5 27. Qxf5
Qe5 $1 $11) ({or} 24... Rc5 25. e5 $5 Rxe5 26. Bxf5 h6 $11 {and although White
achieved his goal, he cannot regroup the pieces in order to create real threats
}) 25. Rad1 Rc5) 24... Qxc3 25. f6 (25. Rad1 Qf6 26. Rd5 Rc5 $11) 25... Bxf6
26. Rad1 {with the idea 27.Bd3} Rc5 27. Qg4+ Rg5 28. Qf4 Rg6 29. Qxd6 (29. Bd3
Be5 30. Qf5 Rg7 $15) (29. Rxd6 Be5 30. Rxg6+ hxg6 $11) 29... Rd8 $11) 24. Bc4
$1 (24. Bg4 $2 Rxc6 25. Bf5 h6 26. Bxe4 Rc5 27. Bd5 Qxc3 $11 28. Bxf7+ $140 $6
Kh8) 24... Qxc3 {Pretty sad: Black loses both e- and f-pawns and is forced to
play ...h6. Other moves wouldn´t have helped much in that respect either.} (
24... Rxc6 {loses by force:} 25. Bxf7+ Kh8 26. Bg6 h6 27. Rxf8+ Bxf8 28. Rf1
Bg7 29. Bxe4 Rc8 30. Qf5 $18) (24... Rc7 25. Qxa5 Rxc6 26. Rxf7 ({Weaker is} 
26. Bxf7+ Kh8) 26... Qxa1+ (26... Rxf7 27. Qa8+ Bf8 28. Bxf7+ Kxf7 29. Rf1+ $18
) 27. Rf1+ Rxc4 28. Qd5+ Kh8 29. Rxa1 $16) (24... Kh8 25. Bxf7 e3 (25... Qxc3
26. Bg6 {transposes to the game}) (25... Rxc6 26. Bg6 $18 {see 24...Rxc6}) 26.
Bg6 h6 27. Bd3 {[%cal Gh5g6]} (27. Be4 $4 e2 28. Rfe1 Qxa1 29. Rxa1 Rf1+) 27...
e2 28. Bxe2 Qxc3 29. Ba6 $1 $18 Rxc6 30. Rxf8+ Bxf8 31. Rf1 $18) 25. Bxf7+ Kh8
26. Bg6 h6 27. Bxe4 Qc4 28. Bf5 (28. Rfe1 Rce8 29. Bf5 Rxe1+ 30. Rxe1 Qc3 (
30... Qxc6 $2 31. Qg6 $18) 31. Rf1 Qc4 32. Qf3 d5 $1 $14) 28... Rxc6 29. Qg6
Rxf5 $2 ({After the ugly-looking} 29... Qg8 {Black has good chances to survive:
} 30. Be4 (30. Rab1 Rf6 $1 31. Qh5 Rc5 $14) (30. Be6 d5 $1 (30... Qh7 31. Rxf8+
Bxf8 32. Qe8 $18) ({or} 30... Rxf1+ 31. Rxf1 d5 (31... Qh7 32. Qe8+ $18)) 31.
Bxg8 Rxg6 32. Bxd5 Rxf1+ 33. Rxf1 Rd6 {and Black should escape easily}) 30...
Rc7 31. Rab1 (31. Qxd6 Rcf7 $14) 31... Re7 32. Bd3 Rxf1+ 33. Rxf1 Re6 $14) 30.
Qxf5 Bxa1 31. Qf8+ Kh7 32. Rf7+ Qxf7 (32... Kg6 $2 33. Qg8+ Kh5 34. Rf5+ Kh4
35. Qg3#) 33. Qxf7+ Bg7 34. h4 {I doubt that Black can save this position. In
order to protect against White´s plan of advancing the pawns Black needs the
rook on the 6th rank, but then he will lose the a-pawn.} Rc5 35. g4 Re5 36. Kg2
d5 37. g5 $6 ({I think that White shouldn´t have given up the a-pawn. He can
play first} 37. Kf3 {and only after that to advance the g-pawn.}) 37... hxg5
38. h5 Re2+ (38... Kh8 39. Qa7 Kh7 40. Qxa5 $18) 39. Kf3 Rxa2 40. Qxd5 Ra3+ ({
The only reasonable defensive plan is} 40... Rh2 41. Qxg5 a4 42. Kg3 Rb2 43.
Qg6+ Kh8 44. h6 Be5+ 45. Kf3 Rb8 {[%cal Gb8g8] Black keeps the rook on g8 and
the bishop on the long diagonal. White will come with the king to f7 and at
some point will advance the pawn to h7, but it is not clear if he will succeed
to create a double-attack.}) 41. Kg2 Rc3 $2 {After this mistake White wins the
bishop by force.} (41... Re3 $142 42. Qf5+ Kh8 43. Qg6 (43. Qxg5 Re6 $11) 43...
g4 (43... a4 44. h6 Bd4 (44... Bc3 45. Qc6 a3 46. Qa8+ Kh7 47. Qa7+ $18) 45.
Qd6 $18) 44. h6 (44. Qxg4 Re8 {[%cal Ge8g8]}) 44... Ba1 45. Kf2 Rf3+ 46. Ke2
Rf8 {building a similar defense explained above.}) 42. Qe4+ Kg8 43. Qe6+ Kh7 (
43... Kh8 44. Qe8+ Kh7 45. Qg6+ $18) (43... Kf8 44. h6 Bh8 45. h7 $18 {[%cal
Ge6g8]}) 44. Qg6+ Kh8 45. h6 $18 Rc7 (45... Bd4 46. Qe8+ Kh7 47. Qe4+ $18) 46.
hxg7+ Rxg7 47. Qh5+ Kg8 48. Kg3 g4 49. Qxa5 Kf8 50. Qf5+ Ke7 51. Qe5+ Kf7 52.
Qd6 Kg8 53. Qf6 Kh7 54. Qf8 Rg8 55. Qf5+ Kh6 56. Kh4 Rg6 57. Qf8+ Rg7 58. Qh8+
Kg6 59. Kxg4 1-0

[Event "NED-GER m"]
[Site "Venlo"]
[Date "2000.08.27"]
[Round "4.6"]
[White "Luther, Thomas"]
[Black "Reinderman, Dimitri"]
[Result "1-0"]
[WhiteElo "2547"]
[BlackElo "2551"]
[Annotator "Rogozenco,D"]
[PlyCount "59"]
[EventDate "2000.08.24"]
[EventType "team"]
[EventRounds "4"]
[EventCountry "NED"]
[SourceTitle "CBM 079"]
[Source "ChessBase"]
[SourceDate "2000.11.21"]
[SourceVersion "1"]
[SourceVersionDate "2000.11.21"]
[SourceQuality "1"]
[WhiteTeam "Germany"]
[BlackTeam "Netherlands"]
[WhiteTeamCountry "GER"]
[BlackTeamCountry "NED"]

1. e4 c5 2. Nf3 Nc6 3. d4 cxd4 4. Nxd4 Nf6 5. Nc3 e5 6. Ndb5 d6 7. Bg5 a6 8.
Na3 b5 9. Bxf6 gxf6 10. Nd5 f5 11. Bxb5 axb5 12. Nxb5 Ra4 (12... Qa5+ 13. c3
Qa4) (12... Ra7) 13. b4 (13. Nbc7+ {Maybe slightly more precise would be
giving the check on c7 first.} Kd7 14. b4) 13... Rxb4 (13... Nxb4 $5 {Nobody
ever tried this. Taking with the Rook has been considered to be forced by the
theory. However, maybe this natural move deserves attention as well.} 14. Nbc7+
Kd7 15. c3 Nxd5 16. Qxa4+ Kxc7 17. exd5 Bb7 $13) (13... Qh4 $5 14. O-O (14.
Nbc7+ Kd8 {Now the difference is that King goes to d8, where it is better
placed than on d7.}) 14... Rg8 15. c3 f4 16. Qxa4 Rxg2+ 17. Kxg2 Qg4+ {1/2-1/2
Luther,T-McShane,L/Lippstadt 2000}) 14. Nbc7+ Kd7 15. O-O Qg5 (15... Rb7 $6 16.
Qh5 $1 Ne7 17. Qxf7 $16 {1-0 Shirov,A-Lautier,J/Monaco 2000/ (26)}) 16. Nxb4
Nxb4 17. c3 $1 $146 {[%mdl 8]} (17. Qb1 Rg8 18. g3 Kxc7 19. Qxb4 Kd7 (19...
fxe4 $1) 20. c4 $13 {0-1 Vitolinsh,A-Cherniaev,A/Kherson 1990 (43)}) 17... Kxc7
(17... Nc6 18. Nd5 fxe4 19. Qa4 $16) 18. cxb4 fxe4 19. Qa4 Bh3 $2 {Loses by
force. The price for every mistake in such a position is very high.} (19... Kd8
{Last chance to hold. Although White seems to have strong attack, there is no
direct win.} 20. Rac1 Rg8 21. g3 Bd7 22. Qa8+ Ke7 23. Rc7 {Comparing to the
game, Black won an important tempo.} Qg4 24. Qb7 (24. Rfc1 $2 Bh6 $19) 24...
Bh6 $13) ({or} 19... Rg8 20. Rac1+ Kd8) 20. Rac1+ $18 Kd8 (20... Kb8 21. Qb5+
Ka8 22. Qa5+ Kb8 23. Qb6+ Ka8 24. g3 $18) 21. Qa8+ Ke7 22. Rc7+ {Black
obviously underestimated this check.} Bd7 (22... Kf6 23. Qd8+) 23. Qb7 Qf5 24.
Rfc1 {There is no defence against Rxd7 followed by Rc7.} Rg8 25. Rxd7+ Ke6 26.
Qc8 Rxg2+ 27. Kxg2 Qf3+ 28. Kg1 Qg4+ 29. Kf1 Qh3+ 30. Ke1 1-0

[Event "EU-ch 1st"]
[Site "Saint Vincent"]
[Date "2000.07.13"]
[Round "10"]
[White "David, Alberto"]
[Black "Yakovich, Yuri"]
[Result "0-1"]
[WhiteElo "2487"]
[BlackElo "2585"]
[Annotator "Rogozenco,D"]
[PlyCount "168"]
[EventDate "2000.07.03"]
[EventType "swiss"]
[EventRounds "11"]
[EventCountry "ITA"]
[SourceTitle "CBM 078"]
[Source "ChessBase"]
[SourceDate "2000.10.18"]
[SourceVersion "1"]
[SourceVersionDate "2000.10.18"]
[SourceQuality "1"]

1. e4 c5 2. Nf3 Nc6 3. d4 cxd4 4. Nxd4 Nf6 5. Nc3 e5 6. Ndb5 d6 7. Bg5 a6 8.
Na3 b5 9. Bxf6 gxf6 10. Nd5 Bg7 11. c3 f5 12. exf5 Bxf5 13. Nc2 O-O 14. Nce3
Be6 15. Bd3 f5 16. O-O Ra7 17. a4 Ne7 (17... bxa4 18. Rxa4 a5) (17... b4 18.
Qh5 (18. cxb4 $5) 18... e4 19. Nf4 Bf7 20. Bc4 $14 {Golubev - Nechaev, Donetzk
(zt.) 98}) 18. Nxe7+ Rxe7 (18... Qxe7 $6 19. axb5 axb5 20. Rxa7 Qxa7 21. Bxb5
Qc5 22. Ba4 $16) 19. axb5 axb5 20. Bxf5 $5 (20. Bxb5 d5 21. Nc2 (21. Ra6 $5 f4
$140 22. Rxe6 Rxe6 23. Qxd5 Qxd5 24. Nxd5 {/\25.Bc4.} Kh8 25. f3 $14) 21... Rb7
{1/2-1/2 Svidler,P-Kramnik,V/Wijk aan Zee 1999 (27)}) (20. Ra6 d5 21. Rxe6 $5
Rxe6 22. Nxf5 e4 $6 23. Nxg7 Kxg7 24. Bxb5 $14 {1-0 Zelcic,R-Sermek,D/Belisce
1999 (34)}) 20... Rxf5 (20... Bxf5 $2 21. Nxf5 Rxf5 22. Qd5+ Ref7 23. Ra8 $18)
21. Nxf5 Bxf5 22. Qf3 Qd7 (22... Bc8 $2 23. Qd5+ Kh8 24. Ra8 $16) 23. Ra8+ Bf8
24. Rfa1 Rf7 $13 25. R1a7 $6 (25. Rb8 $5 Be6 (25... Bg6 26. Qd5 Qf5 27. f3 $14)
26. Qg3+ Rg7 27. Qf3 Rf7 28. Qg3+ $11) (25. Qe3 Qe6 26. Rb8 Qd5 27. Qg5+ Bg6
28. h4 Qc5 29. Qg3 $13 {1-0 Zelcic,R-Zelenika,S/Pula 1999 (48)}) 25... Qxa7 26.
Rxa7 Rxa7 27. Qd5+ Kg7 28. f4 Kf6 29. fxe5+ dxe5 $15 {/-/+.} 30. Qd8+ Kf7 31.
Qd5+ Be6 32. Qxe5 Bc4 33. h3 Re7 34. Qf5+ Kg8 35. Qg5+ Rg7 36. Qe5 h6 37. g4
Re7 38. Qf5 Kg7 39. b3 Bxb3 40. Qxb5 Bf7 41. Kf2 Re6 42. Qd3 Bc5+ 43. Kg2 Re3
44. Qd2 Re5 45. Qd8 Rd5 46. Qc7 Bd6 47. Qd7 Be5 48. Qe7 Bxc3 49. Qe4 Bf6 50.
Qe3 Rb5 51. Qa7 Rb2+ 52. Kh1 Rb3 53. Kg2 Rb2+ 54. Kh1 Re2 55. Qc5 Rd2 56. Qc7
Kg6 57. Qa5 Bd5+ 58. Kg1 Rd1+ 59. Kf2 Bh4+ 60. Ke2 Re1+ 61. Kd2 Re5 62. Qc7
Bg5+ 63. Kd3 Re6 64. Qa5 Be4+ 65. Kd4 Kf7 66. Qa3 Bg6 67. Qa7+ Re7 68. Qa2+ Kg7
69. Kc5 Re3 70. Qh2 Bf6 71. Qc7+ Bf7 72. Qh2 Rc3+ 73. Kd6 Rd3+ 74. Kc5 Be7+ 75.
Kc6 Be8+ 76. Kb6 Rb3+ 77. Kc7 Rc3+ 78. Kb8 Bf6 79. Qe2 Bf7 80. Qh2 Rc5 81. Qf2
Rc3 82. Qh2 Bd5 83. Qd6 Bb3 84. Qf4 Rxh3 0-1

[Event "Moscow Aeroflot op-A1"]
[Site "Moscow"]
[Date "2008.02.14"]
[Round "1"]
[White "Nepomniachtchi, Ian"]
[Black "Andriasian, Zaven"]
[Result "1-0"]
[WhiteElo "2600"]
[BlackElo "2532"]
[Annotator "Rogozenco,D"]
[PlyCount "89"]
[EventDate "2008.02.14"]
[EventType "swiss"]
[EventRounds "9"]
[EventCountry "RUS"]
[SourceTitle "CBM 123"]
[Source "ChessBase"]
[SourceDate "2008.04.02"]
[SourceVersion "1"]
[SourceVersionDate "2008.04.02"]
[SourceQuality "1"]

1. e4 c5 2. Nf3 Nc6 3. d4 cxd4 4. Nxd4 e5 5. Nb5 d6 6. N1c3 a6 7. Na3 b5 8. Nd5
Nf6 9. Bg5 Be7 10. Bxf6 Bxf6 11. c4 b4 12. Nc2 a5 13. Qf3 $5 {The idea of this
rare move is to free the d1-square for the rook in order to create quick
pressure in the centre with the help of the advance c4-c5.} Be6 (13... Bg5 14.
h4 Bh6 (14... Bxh4 15. Rxh4 Qxh4 16. Nc7+ Ke7 17. Nxa8 Bg4 18. Ne3 $1 Bxf3 19.
Nf5+ Kf6 20. Nxh4 Bxe4 21. Nb6 $16) 15. g4 f6 16. Rg1 (16. g5 fxg5 17. hxg5
Qxg5 18. Rxh6 gxh6 19. Nc7+ Ke7 20. Nxa8 Bg4 21. Qd3 Rxa8 22. Qd5 Rc8 23. c5
$13 {0-1 Morozevich,A-Shirov,A/Moscow (blitz) 2007 (46)}) 16... O-O 17. Qg3 g6
18. g5 fxg5 19. hxg5 Bg7 20. O-O-O a4 21. c5 b3 22. axb3 axb3 23. Qxb3 Be6 24.
Bh3 $16 {1-0 Morozevich,A-Carlsen,M/Moscow (blitz)2007 (40)}) (13... Be7 14.
Rd1 O-O 15. c5 dxc5 16. Nf6+ Bxf6 17. Rxd8 Rxd8 18. Bc4 Nd4 19. Nxd4 Rxd4 20.
Bd5 $14 {1-0 Wittmann,W-Kreisl,R/Hartberg 2004 (51)}) (13... Rb8 14. Rd1 Bg5
15. h4 Bxh4 16. c5 h5 17. Be2 Rh6 18. cxd6 Rxd6 19. Qxh5 Rh6 20. Qf3 Qd6 21.
Bc4 Qg6 22. Nc7+ Kf8 23. Rd6 $1 Bf6 24. Rxh6 Qxh6 25. Rxc6 $18 {1/2-1/2 Kreisl,
R-Moser,E/Baden 2007 (45)}) 14. Rd1 Be7 {Here this move makes sense mainly if
after White's advance c4-c5 Black is ready to take on c5 and exchange the
queen for rook, knight and pawn. As we'll see later, the Armenian GM wasn't
prepared to do that.} (14... Bxd5 15. Rxd5 Ne7 16. Rd1 (16. Rb5 $5) 16... Qb6
17. Be2 (17. Qd3 Rd8 18. h4 O-O 19. g3 $14 {/=}) 17... O-O 18. O-O Bg5 19. g3
Rad8 20. Qd3 g6 21. Kg2 {1/2-1/2 Watzka,H-Horvath,T/Austria 1993}) 15. c5 $1 {
Not only opening the d-file, but also the diagonal a6-f1 for the light-squared
bishop.} O-O ({In the event of} 15... dxc5 {White can choose between} 16. Bb5 (
{or} 16. Nf6+ Bxf6 17. Rxd8+ Rxd8 18. Bb5 Bd7 19. Ne3 $14) 16... Bd7 17. Nce3
Nd4 (17... O-O 18. Nf5 $36) 18. Bxd7+ Qxd7 19. Qg3 {with compensation, since
the natural} O-O $2 {loses at once due to} 20. Rxd4 cxd4 21. Nf5 $18) 16. Bb5
Na7 (16... Bxd5 17. Rxd5 ({White can also consider some positional pawn
sacrifices after} 17. exd5 $5 Na7 18. Bc4 ({or} 18. Bc6)) 17... Qc7 18. cxd6
Bxd6 19. O-O Ne7 20. Rd2 $14) 17. Ba4 Bxd5 $6 (17... dxc5 {was called for, and
if} 18. Nf6+ (18. Nce3 $142 $44 {[%cal Ge3c4]}) 18... Bxf6 19. Rxd8 Raxd8 {
then Black has good compensation for the queen.}) 18. Rxd5 Qc7 19. O-O Rad8 (
19... dxc5 $2 20. Rd7 $18) 20. Rfd1 Nc6 $6 (20... dxc5 $2 21. Rd7 $18) ({
Better was} 20... Nc8 {protecting the bishop and preparing to take on c5.
Nevertheless after} 21. Ne3 dxc5 22. Rd7 Rxd7 23. Rxd7 Qb6 24. Nc4 {White has
a pleasant advantage thanks to his domination on the light squares.}) 21. Qd3
$1 $16 Nd4 (21... dxc5 $2 22. Bxc6 c4 (22... Qxc6 23. Rxd8 Bxd8 24. Qxd8 $18)
23. Qd2 c3 24. bxc3 bxc3 25. Qd3 Qxc6 26. Rxd8 Bxd8 27. Qxd8 Qxe4 28. Qd3 $18)
22. Nxd4 exd4 23. c6 {The passed pawn on c6 guarantees White a stable
advantage. Black has no counterplay and must keep the queen on c7 to blockade
the pawn. Besides, black queenside is very weak.} Bf6 24. Rc1 (24. Qa6 Ra8 25.
Qb7 {secures a large advantage in endgame.}) 24... Ra8 25. g3 g6 26. Rb5 Rab8
27. Rxb8 Rxb8 28. Bb3 $1 Kg7 29. Kg2 h5 30. h4 Rc8 31. Bd5 Qa7 32. Rc2 {
The Russian GM has sufficient time to find the most optimal arrangement of
pieces: Black can do nothing anyway.} Qc7 33. Qa6 Rb8 34. Rd2 Rb6 35. Qc4 Rb8
36. Rd3 $1 {Finally White has improved the position of all his pieces. Now
apart from controlling the queenside, Black must always watch out on the
opposite side. From the practical point of view Black's position is next to
hopeless.} Rf8 (36... Qa7 {was the last chance, hoping for} 37. Rb3 ({correct
is} 37. Rf3 Qc5 $140 38. Qxc5 dxc5 39. e5 $1 Bxe5 40. Rxf7+ Kh6 41. f4 Bd6 42.
Rd7 $18) 37... Qc5 $1 38. Bxf7 Rc8 $1 {and White suddenly loses the pawn c6:}
39. Qxc5 dxc5 40. Bd5 c4 $132) 37. Rb3 $1 $18 {Nepomniachtchi finds a hidden
resource: a2-a3 followed by the penetration of the rook to b7.} Qb6 (37... Rb8
{doesn't help:} 38. a3 $1 bxa3 39. Rb7 Rxb7 40. cxb7 Qb8 41. Qc8 $18) 38. a3
Qc5 (38... Rb8 39. Bxf7 $18) 39. axb4 axb4 40. Qxb4 Qxb4 41. Rxb4 d3 42. Kf3 $1
g5 43. hxg5 Bxg5 44. c7 f5 (44... Rc8 45. Rc4 d2 46. Ke2 $18) 45. Rb8 1-0